Examen histórico-crítico del reinado de D. Pedro de Castilla : (Record no. 54058)

MARC details
000 -LEADER
campo de control de longitud fija 00925nam a22002415i 4500
001 - NÚMERO DE CONTROL
campo de control 54058
003 - IDENTIFICADOR DE NÚMERO DE CONTROL
campo de control ES-MaACL
005 - FECHA Y HORA DE LA ÚLTIMA TRANSACCIÓN
campo de control 20251005063043.0
007 - CAMPO FIJO DE DESCRIPCIÓN FÍSICA--INFORMACIÓN GENERAL
campo de control de longitud fija t|
008 - DATOS DE LONGITUD FIJA--INFORMACIÓN GENERAL
campo de control de longitud fija 940202s1851 sp ||||1| spa d
080 ## - NÚMERO DE LA CLASIFICACIÓN DECIMAL UNIVERSAL
Número de la Clasificación Decimal Universal 94(460.18)"1350/69"
100 1# - ENTRADA PRINCIPAL--NOMBRE DE PERSONA
Nombre de persona Ferrer del Río, Antonio,
Fechas asociadas al nombre 1814-1872
9 (RLIN) 50459
245 10 - MENCIÓN DEL TÍTULO
Título Examen histórico-crítico del reinado de D. Pedro de Castilla :
Resto del título obra premiada por voto unánime de la Real Academia Española en el certamen que abrió la misma en 2 de marzo de 1850 /
Mención de responsabilidad, etc. su autor Antonio Ferrer del Río.
260 ## - PUBLICACIÓN, DISTRIBUCIÓN, ETC.
Lugar de publicación, distribución, etc. Madrid :
Nombre del editor, distribuidor, etc. [s.n.],
Fecha de publicación, distribución, etc. 1851 (
Fabricante Imp. Nacional)
300 ## - DESCRIPCIÓN FÍSICA
Extensión 217 p. ;
Dimensiones 25 cm.
500 ## - NOTA GENERAL
Nota general Indice.
600 04 - PUNTO DE ACCESO ADICIONAL DE MATERIA--NOMBRE DE PERSONA
Nombre de persona Pedro
Numeración I,
Títulos y otros términos asociados al nombre Rey de Castilla
9 (RLIN) 89923
651 #4 - PUNTO DE ACCESO ADICIONAL DE MATERIA--NOMBRE GEOGRÁFICO
Nombre geográfico Castilla (Reino)-
Subdivisión general Historia-
Subdivisión cronológica 1350-1369, Pedro I.
9 (RLIN) 173034
710 2# - ENTRADA AGREGADA--NOMBRE DE ENTIDAD CORPORATIVA
Nombre de entidad corporativa o nombre de jurisdicción como elemento de entrada Real Academia Española
9 (RLIN) 6336
852 4# - LOCALIZACIÓN
Ubicación ES-MaACL
Número de control de estantería B-3942
852 4# - LOCALIZACIÓN
Ubicación ES-MaACL
Número de control de estantería T-42-F-1
Holdings
Estatus retirado Estado de pérdida Estado de daño No para préstamo Colección Biblioteca de origen Biblioteca actual Ubicación en estantería Fecha de adquisición Fuente de adquisición Total de préstamos Signatura topográfica completa Código de barras Visto por última vez Precio de reemplazo Tipo de ítem Koha
        Colección de folletos Biblioteca del Ateneo de Madrid Biblioteca del Ateneo de Madrid Depósito folletos 17/01/2008     T-42-F-1 1056814 23/02/2023 23/02/2023 Folleto
        Libros del s. XIX Biblioteca del Ateneo de Madrid Biblioteca del Ateneo de Madrid Sala Pardo Bazán 17/01/2008     B-3942 1056813 23/02/2023 23/02/2023 Libro impreso antiguo